Writing's On The Wall (All Lyrics) - Role Model - Statistics

General Stats
  • This quiz has been taken 46 times
  • The average score is 271 of 311
Answer Stats
Answer % Correct
be
100%
he
100%
I
100%
a
96%
and
96%
And
96%
back
96%
'Bout
96%
'bout
96%
cause
96%
'Cause
96%
'cause
96%
Dad's
96%
girl
96%
gonna
96%
he's
96%
It's
96%
lecturing
96%
me
96%
me)
96%
met
96%
never
96%
nineteen
96%
on
96%
phone
96%
piece
96%
puzzle
96%
that
96%
the
96%
was
96%
when
96%
who
96%
won't
96%
work
96%
like
93%
Like,
93%
love
93%
in
89%
Oh,
89%
right
89%
to
89%
your
89%
Head
85%
nice
85%
out
85%
window
85%
But,
81%
but
81%
But
81%
feels
81%
forgetting
81%
night
81%
pretend
81%
treated
81%
what
81%
can't
78%
cold
78%
getting
78%
is
78%
shoulder
78%
wall,
78%
Writing's
78%
all
74%
alright"
74%
at
74%
do
74%
gun,
74%
gun
74%
"Honey
74%
I'm
74%
keeping
74%
keeps
74%
know
74%
of
74%
pillow
74%
read
74%
She
74%
she
74%
Son
74%
this
74%
up
74%
You're
74%
you're
74%
been
70%
colder
70%
gets
70%
loved
70%
paid
70%
told
70%
too
70%
way
70%
am
67%
my
67%
raised
67%
said,
67%
still
67%
Sweat
67%
waitress
67%
her
63%
much
63%
"Why
63%
you'll
63%
babe,
59%
Confusing
59%
Losing
59%
patience
59%
Seems
59%
asking
56%
somebody
56%
could
52%
easy?"
52%
Guess
52%
leaves
48%
hell
44%
now
44%
Wish
44%
with
44%
Ooh,
37%
(Ooh,
37%
No matching quizzes found
Score Distribution
Percent of People with Each Score
Percentile by Number Answered
Your Score History
You have not taken this quiz